Club Premier League Manager of the Month - Statistics

Statistiche generali
  • Questo quiz è stato fatto 5 volte
  • Il punteggio medio è 26 su 42
Statistiche sulle risposte
Numero titoli Numero allenatori Squadra % Corretto
22 2 Arsenal
100%
10 5 Aston Villa
100%
17 8 Chelsea
100%
13 5 Everton
100%
8 4 Leicester City
100%
23 5 Liverpool
100%
21 6 Manchester City
100%
31 3 Manchester United
100%
17 6 Newcastle United
100%
16 8 Tottenham
100%
5 4 West Ham United
100%
1 1 Brighton & Hove Albion
80%
3 2 Nottingham Forest
80%
11 7 Southampton
80%
3 2 Sunderland
80%
6 4 Blackburn Rovers
60%
4 2 Bournemouth
60%
3 2 Burnley
60%
1 1 Crystal Palace
60%
1 1 Derby County
60%
5 3 Leeds United
60%
3 3 Middlesbrough
60%
1 1 Queens Park Rangers
60%
3 3 Swansea City
60%
2 2 Watford
60%
4 4 West Bromwich Albion
60%
4 2 Wolverhampton Wanderers
60%
1 1 Birmingham City
40%
7 3 Bolton Wanderers
40%
2 1 Fulham
40%
1 1 Huddersfield Town
40%
2 2 Hull City
40%
1 1 Ipswich Town
40%
1 1 Norwich City
40%
3 1 Portsmouth
40%
3 3 Sheffield Wednesday
40%
4 1 Wimbledon
40%
3 2 Coventry City
20%
3 2 Reading
20%
3 2 Wigan Athletic
20%
3 1 Charlton Athletic
0%
1 1 Oldham Athletic
0%
Nessun quiz corrispondente trovato
Distribuzione punteggi
Percentuale di utenti per punteggio
Percentile per numero di risposta
I tuoi punteggi nel tempo
Non hai fatto questo quiz